000 00984nam a2200277 a 4500
001 BRCA_7818
005 20190320210017.0
008 171013s1913----gw-a######---#000-0#ger-#
041 _ager
044 _agw
050 4 _aN2230
_b.G46 1913
245 1 0 _aDie Gemaldegalerie des Kaiser-Friedrich-Museums
_bvollstandiger beschreibender katalog mit Abbildungen samtlicher Gemalde. Im Auftrag des Generaldirektors der Koniglich en Museen
_cbearbeitet von Hans Posse.
250 _a2
260 _aBerlín
_bJ. Bard
_c1913
300 _axxi, 275 p.
_bil., 545 láminas
_c26 cm.
500 _aVer también Y17
500 _aY8
505 0 _aContenido: Die Romanischen Lander : Byzanz, Italien, Spanien, Frankreich
610 2 4 _aGemäldegalerie (Berlín)
_918671
650 1 4 _aPintura
_zBerlín
_919365
650 1 4 _aGalerías y museos
_zAlemania
_95059
700 1 _aPosse, Hans
_eed.
_919366
710 2 _aKaiser Friedrich-Museum (Berlín)
_919142
902 _aGFM
942 _2lcc
_cB
999 _c7492
_d7492